[Event "Team G15 chess final 2018"]
[Site "Sochi"]
[Date "2018.05.01"]
[Round "1.1"]
[White "Mikheeva, Galina"]
[Black "Zelenskaya, Anastasiya"]
[Result "1-0"]
[WhiteElo "1744"]
[BlackElo "1581"]
[PlyCount "91"]
[EventDate "2018.05.01"]

1. d4 Nf6 2. c4 g6 3. Nc3 Bg7 4. Bf4 d6 5. h3 O-O 6. e4 Nc6 7. Nf3 Nh5 8. Be3
e5 9. d5 Ne7 10. g4 Nf4 11. Qd2 f5 12. gxf5 gxf5 13. Bxf4 exf4 14. Qxf4 Ng6 15.
Qe3 fxe4 16. Nd2 Be5 17. Ndxe4 Bf5 18. Nd2 Bf4 19. Qd4 Re8+ 20. Kd1 c5 21. dxc6
bxc6 22. Nb3 Be5 23. Qe3 d5 24. cxd5 cxd5 25. Nb5 Rc8 26. Rc1 Bf4 27. Rxc8 Qxc8
28. Qc3 Bc2+ 29. Kxc2 Qf5+ 30. Bd3 Qg5 31. Qc6 Re7 32. Qc8+ Kg7 33. Qg4 Qf6 34.
N3d4 Re8 35. Qd7+ Kf8 36. Qf5 Be5 37. Qxf6+ Bxf6 38. Rg1 a6 39. Nd6 Rd8 40.
N6f5 a5 41. Ne6+ Kf7 42. Nxd8+ Bxd8 43. Nd6+ Kg7 44. Bxg6 hxg6 45. h4 Bc7 46.
Ne8+ 1-0

[Event "Team G15 chess final 2018"]
[Site "Sochi"]
[Date "2018.05.01"]
[Round "1.2"]
[White "Tokmakova, Ulyana"]
[Black "Bronnikova, Ekaterina"]
[Result "1-0"]
[WhiteElo "1627"]
[BlackElo "1348"]
[PlyCount "111"]
[EventDate "2018.05.01"]

1. e4 c5 2. Nf3 g6 3. c4 Bg7 4. d4 cxd4 5. Nxd4 Nf6 6. Nc3 d6 7. Be2 O-O 8. Be3
Nc6 9. O-O Bd7 10. Qd2 Re8 11. f3 Rc8 12. Rfd1 Ne5 13. b3 Nc6 14. Rac1 b6 15.
Bf1 Nh5 16. Nd5 Nxd4 17. Bxd4 Bxd4+ 18. Qxd4 Bc6 19. Kh1 Bb7 20. g3 Ng7 21. Bh3
Rb8 22. Qc3 Bc8 23. Bxc8 Qxc8 24. Ne3 Nh5 25. Kg2 Nf6 26. Nd5 Nxd5 27. cxd5 Qa6
28. Qb2 Rec8 29. Rc6 f6 30. Rdc1 Rxc6 31. Rxc6 Rc8 32. Qc2 Rxc6 33. dxc6 Qc8
34. b4 b5 35. a4 a6 36. axb5 axb5 37. c7 Kf8 38. Qc6 Kf7 39. Kf2 Kf8 40. Ke3
Kf7 41. h3 Kf8 42. Qb6 Kg7 43. Qb8 Qe6 44. c8=Q Qb3+ 45. Kd4 Qb2+ 46. Ke3 Qb3+
47. Kf4 e5+ 48. Kg4 h5+ 49. Kh4 g5+ 50. Kxh5 Qf7+ 51. Kg4 Kh6 52. Qf8+ Qxf8 53.
Qxf8+ Kg6 54. Qg8+ Kh6 55. Kf5 Kh5 56. Qh7# 1-0

[Event "Team G15 chess final 2018"]
[Site "Sochi"]
[Date "2018.05.01"]
[Round "1.3"]
[White "Kolinchenko, Sofia"]
[Black "Asatryan, Maria"]
[Result "0-1"]
[WhiteElo "1351"]
[BlackElo "1395"]
[PlyCount "110"]
[EventDate "2018.05.01"]

1. d4 Nf6 2. Nf3 c5 3. e3 cxd4 4. exd4 d6 5. Bd3 g6 6. O-O Bg7 7. b3 O-O 8. Bb2
a6 9. Nbd2 b5 10. Re1 Bb7 11. c4 bxc4 12. bxc4 Nbd7 13. Rb1 Rb8 14. Qc2 Re8 15.
h3 Qc7 16. Rbc1 Bh6 17. Rb1 Bg7 18. Rbc1 e5 19. dxe5 dxe5 20. Bf1 Bh6 21. Rb1
e4 22. Nd4 e3 23. fxe3 Bxe3+ 24. Kh1 Qg3 25. N4f3 Be4 26. Bd3 Bxd2 27. Qxd2
Bxf3 28. gxf3 Qxh3+ 29. Kg1 Qxf3 30. Rxe8+ Rxe8 31. Rf1 Qg3+ 32. Kh1 Re3 33.
Qxe3 Qxe3 34. Bxf6 Qxd3 35. Rf2 Nxf6 36. Rxf6 Qxc4 37. Rf2 h5 38. Kg1 g5 39.
Kg2 Qg4+ 40. Kf1 h4 41. Ke1 h3 42. Kd2 h2 43. Rf1 Qg2+ 44. Ke1 h1=Q 45. Rxh1
Qxh1+ 46. Kd2 g4 47. a3 g3 48. a4 g2 49. a5 g1=Q 50. Kd3 Qf3+ 51. Kc4 Qgg4+ 52.
Kc5 Qff5+ 53. Kd6 Qc4 54. Ke7 Qc7+ 55. Ke8 Qfc8# 0-1

[Event "Team G15 chess final 2018"]
[Site "Sochi"]
[Date "2018.05.01"]
[Round "1.4"]
[White "Kamaeva, Dzhamilya"]
[Black "Glushkova, Milana"]
[Result "1-0"]
[WhiteElo "1541"]
[BlackElo "1262"]
[PlyCount "77"]
[EventDate "2018.05.01"]

1. d4 d5 2. Nf3 Nf6 3. e3 c5 4. b3 e6 5. Bd3 Be7 6. O-O O-O 7. Bb2 Nc6 8. Ne5
Bd6 9. f4 Nb4 10. Be2 Ne4 11. a3 Nc6 12. Bd3 f6 13. Nf3 a6 14. c4 Rb8 15. Qc2
f5 16. Ne5 cxd4 17. exd4 Nxe5 18. fxe5 Be7 19. Kh1 Bd7 20. Nc3 Nxc3 21. Bxc3
Bc6 22. c5 b5 23. b4 Qe8 24. Qe2 Qg6 25. a4 Qh6 26. axb5 axb5 27. Ra6 Rfc8 28.
Ra7 Bd8 29. g4 Rc7 30. Rxc7 Bxc7 31. gxf5 exf5 32. Bxf5 Re8 33. Bd2 Qh4 34. Rf4
Qe7 35. Qh5 h6 36. Qg6 Bd7 37. Qh7+ Kf8 38. Bg6+ Qf7 39. Rxf7# 1-0

[Event "Team G15 chess final 2018"]
[Site "Sochi"]
[Date "2018.05.01"]
[Round "1.1"]
[White "Murzina, Agata"]
[Black "Balalaeva, Agata"]
[Result "1-0"]
[WhiteElo "1765"]
[BlackElo "1018"]
[PlyCount "69"]
[EventDate "2018.05.01"]

1. e4 e6 2. d4 d5 3. exd5 exd5 4. Bd3 Nc6 5. c3 Bd6 6. Ne2 Nge7 7. Qc2 Be6 8.
O-O Qd7 9. Nd2 O-O-O 10. b4 f6 11. Qa4 a6 12. Rb1 Na7 13. b5 Nxb5 14. Bxb5 Qxb5
15. Rxb5 axb5 16. Qxb5 g5 17. c4 h5 18. c5 c6 19. Qa5 Bb8 20. Nc3 Kd7 21. Qb6
Kc8 22. Re1 Bd7 23. Rxe7 Rhe8 24. Rxe8 Rxe8 25. Kf1 g4 26. Na4 Bc7 27. Qa7 Bb8
28. Nb6+ Kc7 29. Qa5 Kd8 30. Nxd5+ Kc8 31. Nxf6 Rf8 32. Nde4 h4 33. Nd6+ Bxd6
34. cxd6 Kb8 35. Nxd7+ 1-0

[Event "Team G15 chess final 2018"]
[Site "Sochi"]
[Date "2018.05.01"]
[Round "1.2"]
[White "Romanenkova, Ekaterina"]
[Black "Akulova, Taisiya"]
[Result "0-1"]
[WhiteElo "1124"]
[BlackElo "1719"]
[PlyCount "72"]
[EventDate "2018.05.01"]

1. d4 Nf6 2. Nf3 g6 3. e3 Bg7 4. Bd3 c5 5. c4 O-O 6. O-O d6 7. Nbd2 Nc6 8. a3
a5 9. b3 Ne8 10. Bb2 f5 11. e4 Nxd4 12. Nxd4 cxd4 13. exf5 Bxf5 14. Bxf5 Rxf5
15. Nf3 e5 16. Re1 Nc7 17. b4 Na6 18. b5 Nc5 19. Nd2 Nd3 20. Qc2 Nxe1 21. Rxe1
Rc8 22. Ne4 d5 23. Nd2 dxc4 24. Nxc4 Qd5 25. Rc1 Bh6 26. Nb6 Rxc2 27. Nxd5 Bxc1
28. Ne7+ Kf7 29. Nxf5 Bxb2 30. Nd6+ Ke6 31. h3 Kxd6 32. Kh2 d3 33. f3 d2 34.
Kh1 d1=Q+ 35. Kh2 e4 36. fxe4 Be5# 0-1

[Event "Team G15 chess final 2018"]
[Site "Sochi"]
[Date "2018.05.01"]
[Round "1.3"]
[White "Laukhina, Margarita A"]
[Black "Potatueva, Violetta"]
[Result "1-0"]
[WhiteElo "1529"]
[BlackElo "1140"]
[PlyCount "107"]
[EventDate "2018.05.01"]

1. d4 f5 2. Nf3 Nf6 3. c4 g6 4. Nc3 Bg7 5. Bf4 O-O 6. Qd2 e6 7. Bh6 c6 8. Bxg7
Kxg7 9. d5 Qa5 10. d6 b5 11. cxb5 cxb5 12. Nd4 a6 13. Ne4 Qb6 14. Nxf6 Rxf6 15.
h4 Qxd6 16. Rd1 Nc6 17. Nxf5+ exf5 18. Qxd6 Rxd6 19. Rxd6 Nb4 20. a3 Nc6 21. h5
b4 22. a4 Ne5 23. b3 Bb7 24. f4 Nf7 25. Rxd7 Be4 26. e3 Bc2 27. Bc4 Re8 28.
Rxf7+ Kg8 29. Re7+ Kf8 30. Rxe8+ Kxe8 31. hxg6 hxg6 32. Kd2 Be4 33. Bxa6 Bxg2
34. Rg1 Bd5 35. Bc4 Be4 36. Rxg6 Kd7 37. a5 Kc7 38. a6 Kb8 39. Rg7 Kc8 40. a7
Bc6 41. Ba6+ Kd8 42. a8=Q+ Bxa8 43. Rg8+ Kd7 44. Rxa8 Ke6 45. Bc8+ Kf6 46. Ra6+
Kf7 47. Bxf5 Ke8 48. Ra7 Kf8 49. e4 Ke8 50. e5 Kf8 51. e6 Ke8 52. Bg6+ Kd8 53.
e7+ Kc8 54. e8=R# 1-0

[Event "Team G15 chess final 2018"]
[Site "Sochi"]
[Date "2018.05.01"]
[Round "1.1"]
[White "Surovtseva, Alisa"]
[Black "Kirchei, Viktoriia"]
[Result "0-1"]
[WhiteElo "1688"]
[BlackElo "2049"]
[PlyCount "70"]
[EventDate "2018.05.01"]
[BlackTeam "СШ "]

1. e4 c5 2. Nf3 Nc6 3. Bb5 g6 4. Bxc6 bxc6 5. O-O Bg7 6. Re1 Nh6 7. d3 O-O 8.
Nc3 d6 9. h3 Rb8 10. Be3 f6 11. Rb1 Nf7 12. d4 cxd4 13. Nxd4 Bd7 14. Qd2 Ne5
15. b3 Qc8 16. f4 Nf7 17. Rbd1 e6 18. Nf3 c5 19. Bf2 Bc6 20. Nh2 Qb7 21. Ng4 f5
22. exf5 gxf5 23. Ne3 d5 24. Na4 Bxa4 25. bxa4 Qb2 26. Qe2 Bc3 27. Rf1 Rb4 28.
Bh4 Re4 29. Qf3 Bd4 30. Rfe1 Rb8 31. Kh2 Rb4 32. Qg3+ Kf8 33. Rb1 Qxb1 34. Rxb1
Rxb1 35. Bg5 Bxe3 0-1

[Event "Team G15 chess final 2018"]
[Site "Sochi"]
[Date "2018.05.01"]
[Round "1.2"]
[White "Vyrtosu, Natalia"]
[Black "Patokova, Viktoriya"]
[Result "1-0"]
[WhiteElo "1924"]
[BlackElo "1495"]
[PlyCount "69"]
[EventDate "2018.05.01"]
[WhiteTeam "СШ "]

1. d4 Nf6 2. Bf4 d5 3. e3 c5 4. dxc5 e6 5. b4 a5 6. c3 axb4 7. cxb4 Nc6 8. Bb5
Bd7 9. Qb3 b6 10. Bxc6 Bxc6 11. b5 Bb7 12. c6 Bc8 13. Nd2 Bd6 14. Ne2 e5 15.
Bg3 Be6 16. Qb2 Qc7 17. Nf3 e4 18. Nfd4 O-O 19. a4 Bxg3 20. hxg3 Rfb8 21. Nf4
Qd6 22. Qa3 Qxa3 23. Rxa3 Re8 24. O-O Ng4 25. Rfa1 Ne5 26. a5 Nc4 27. axb6 Rxa3
28. Rxa3 Nxa3 29. b7 Nc4 30. c7 Nd6 31. b8=Q Rc8 32. b6 Bd7 33. Nxd5 Kf8 34. b7
Nxb7 35. Qxb7 1-0

[Event "Team G15 chess final 2018"]
[Site "Sochi"]
[Date "2018.05.01"]
[Round "1.3"]
[White "Sautina, Elizaveta"]
[Black "Bondareva, Daria"]
[Result "1/2-1/2"]
[WhiteElo "1137"]
[BlackElo "1886"]
[PlyCount "80"]
[EventDate "2018.05.01"]
[BlackTeam "СШ "]

1. d4 Nf6 2. Bf4 b6 3. h3 e6 4. e3 Bb7 5. Nf3 Be7 6. Bd3 O-O 7. c3 c5 8. Nbd2
d6 9. O-O Nc6 10. Bh2 Nd7 11. Nc4 d5 12. Ncd2 Bf6 13. Ne1 e5 14. dxe5 Ndxe5 15.
Bc2 Ba6 16. f4 Bxf1 17. fxe5 Bxe5 18. Bxe5 Nxe5 19. Nxf1 g6 20. Nf3 Re8 21. Bb3
c4 22. Ba4 Re7 23. Nxe5 Rxe5 24. Bc6 Rc8 25. Qd4 Qd6 26. Ba4 Re4 27. Qd2 Rd8
28. Rd1 Qc5 29. Kh1 Re6 30. Bc2 Red6 31. Qf2 b5 32. Rd4 R6d7 33. Qd2 Qe7 34.
Ng3 f5 35. Ne2 Rd6 36. Nf4 Qe5 37. a4 a6 38. axb5 axb5 39. Kg1 Kg7 40. Kf2 R8d7
1/2-1/2

[Event "Team G15 chess final 2018"]
[Site "Sochi"]
[Date "2018.05.01"]
[Round "1.4"]
[White "Kasaeva, Sofiia"]
[Black "Dolinskaya, Mariia"]
[Result "1-0"]
[WhiteElo "1692"]
[BlackElo "1257"]
[PlyCount "93"]
[EventDate "2018.05.01"]
[WhiteTeam "СШ "]

1. e4 c5 2. Nf3 Nc6 3. d4 cxd4 4. Nxd4 g6 5. Nc3 Bg7 6. Be3 Nf6 7. Bc4 O-O 8.
Bb3 Re8 9. f3 e6 10. Qd2 d5 11. Nxc6 bxc6 12. O-O-O a5 13. g4 Qc7 14. exd5 Nxd5
15. Bd4 Nxc3 16. Bxc3 Bxc3 17. Qxc3 a4 18. Bc4 Qf4+ 19. Kb1 Bb7 20. Rd7 Rab8
21. h4 Red8 22. Rhd1 Rxd7 23. Rxd7 Qg3 24. a3 Qg1+ 25. Ka2 Qc5 26. Rxf7 Kxf7
27. Bxe6+ Kxe6 28. Qxc5 Kd7 29. Qd4+ Kc7 30. Qg7+ Kb6 31. Qxh7 Rf8 32. Qxg6
Rxf3 33. h5 Rf8 34. h6 Rc8 35. h7 Ra8 36. Qg8 Rxg8 37. hxg8=Q c5 38. g5 Kc7 39.
g6 Kd6 40. Qf8+ Kc7 41. g7 Bd5+ 42. b3 axb3+ 43. cxb3 c4 44. Qc5+ Kb8 45. Qxd5
cxb3+ 46. Kxb3 Kc7 47. g8=R 1-0

[Event "Team G15 chess final 2018"]
[Site "Sochi"]
[Date "2018.05.01"]
[Round "1.1"]
[White "Nur-Mukhametova, Alisa"]
[Black "Mikhailova, Yuliya"]
[Result "0-1"]
[WhiteElo "1791"]
[BlackElo "1959"]
[PlyCount "178"]
[EventDate "2018.05.01"]

1. Nf3 d5 2. g3 Nf6 3. Bg2 c5 4. O-O Nc6 5. d4 e6 6. c4 dxc4 7. Qa4 Bd7 8. Qxc4
cxd4 9. Nxd4 Rc8 10. Nc3 Nxd4 11. Qxd4 Bc5 12. Qd1 Bc6 13. Bxc6+ Rxc6 14. Qxd8+
Kxd8 15. Bg5 h6 16. Rfd1+ Ke7 17. Bf4 Rd8 18. Rxd8 Kxd8 19. Rd1+ Ke7 20. Rd3 a6
21. h3 Nd7 22. Ne4 Ba7 23. Bd6+ Ke8 24. Ba3 Bb8 25. Rc3 Rxc3 26. Nxc3 Nb6 27.
b3 Kd7 28. Bc5 Kc6 29. Bd4 e5 30. Be3 Nd5 31. Nxd5 Kxd5 32. Kf1 Bd6 33. Ke1 f5
34. Bc1 h5 35. f3 e4 36. f4 g6 37. e3 Bb4+ 38. Kd1 h4 39. gxh4 Be7 40. Bb2 Bxh4
41. Ke2 b5 42. Bc3 Kc5 43. a3 Bd8 44. Kd2 a5 45. Bd4+ Kd5 46. Kc3 Be7 47. b4 a4
48. Be5 Bh4 49. Bb8 Be1+ 50. Kc2 Kc4 51. Bd6 Bc3 52. Be7 Bg7 53. Bd8 Bc3 54.
Be7 Be1 55. Bd6 Bh4 56. Bf8 Bd8 57. Bc5 Bc7 58. Ba7 Bd6 59. Bb6 Be7 60. Bc7 Bf6
61. Bd6 Bd8 62. Bc5 Bf6 63. Bd6 Kd5 64. Bc7 Kc4 65. Bd6 Bd8 66. Bc5 Bf6 67. Bd6
g5 68. Bc7 g4 69. hxg4 fxg4 70. f5 Kd5 71. Bg3 Be5 72. Bf2 Bh2 73. f6 Ke6 74.
Kc3 g3 75. Bxg3 Bxg3 76. Kd4 Bd6 77. Kxe4 Be5 78. f7 Bg7 79. f8=Q Bxf8 80. Kd4
Kd6 81. Kc3 Kd5 82. Kd3 Bg7 83. e4+ Ke5 84. Kc2 Kxe4 85. Kb1 Kd3 86. Ka2 Bh6
87. Kb2 Kc4 88. Kc2 Bf8 89. Kb2 Bxb4 0-1

[Event "Team G15 chess final 2018"]
[Site "Sochi"]
[Date "2018.05.01"]
[Round "1.2"]
[White "Baisheva, Nyurguiaana"]
[Black "Zvereva, Margarita"]
[Result "0-1"]
[WhiteElo "1778"]
[BlackElo "1772"]
[PlyCount "114"]
[EventDate "2018.05.01"]

1. e4 c5 2. Nf3 d6 3. Bb5+ Bd7 4. Bxd7+ Nxd7 5. d4 cxd4 6. Qxd4 Ngf6 7. Nc3 e6
8. O-O a6 9. Bg5 Be7 10. Rad1 Qc7 11. Rfe1 O-O 12. e5 dxe5 13. Nxe5 Rfd8 14.
Nxd7 Rxd7 15. Qh4 Rad8 16. Rxd7 Rxd7 17. h3 h6 18. Bf4 Qb6 19. Bc1 Qa5 20. Qg3
Kh7 21. Qe3 Bc5 22. Qe2 Bb4 23. Rd1 Rxd1+ 24. Nxd1 Qxa2 25. Qd3+ Kg8 26. Qd8+
Bf8 27. Bxh6 gxh6 28. Qxf6 Qb1 29. Qd4 Qxc2 30. Ne3 Qc1+ 31. Kh2 Qc7+ 32. g3
Bg7 33. Qd2 Qb6 34. Nc4 Qd4 35. Qc2 b5 36. Ne3 Qxb2 37. Qc8+ Kh7 38. Kg2 Qa3
39. Qd7 Qf8 40. Qb7 b4 41. Qxa6 Qe7 42. Qd3+ Kg8 43. Qb5 Bc3 44. Ng4 Qg5 45.
Qb8+ Kg7 46. Ne3 Qe5 47. Qb7 Qd4 48. Qb5 Qe4+ 49. Kg1 Qb1+ 50. Kg2 b3 51. Qc4
Bf6 52. Ng4 b2 53. Nxf6 Kxf6 54. Qh4+ Kg7 55. Qd4+ Kh7 56. Qf6 Qe4+ 57. Kh2 Qb7
0-1

[Event "Team G15 chess final 2018"]
[Site "Sochi"]
[Date "2018.05.01"]
[Round "1.3"]
[White "Efendieva, Alina"]
[Black "Izbekova, Evdokia"]
[Result "1-0"]
[WhiteElo "1692"]
[BlackElo "1690"]
[PlyCount "69"]
[EventDate "2018.05.01"]

1. e4 c5 2. Nf3 d6 3. d4 cxd4 4. Nxd4 Nf6 5. Nc3 a6 6. Bg5 e6 7. f4 Be7 8. Qf3
Nbd7 9. O-O-O Qc7 10. g4 O-O 11. Bxf6 Bxf6 12. g5 Be7 13. h4 b5 14. h5 Nc5 15.
b4 Nb7 16. Rg1 d5 17. a3 dxe4 18. Nxe4 Bd7 19. Bd3 Kh8 20. f5 exf5 21. Nxf5
Bxf5 22. Qxf5 Qc8 23. Qd5 Qc7 24. h6 g6 25. Qd4+ f6 26. gxf6 Qf4+ 27. Kb1 Bxf6
28. Qd7 Nd6 29. Qxd6 Be5 30. Qe6 Rfe8 31. Qh3 Bd4 32. Rgf1 Qe5 33. Qg3 Qe6 34.
Qd6 Qxd6 35. Nxd6 1-0

[Event "Team G15 chess final 2018"]
[Site "Sochi"]
[Date "2018.05.01"]
[Round "1.4"]
[White "Moiseeva, Olesya"]
[Black "Ochirova, Anita"]
[Result "1-0"]
[WhiteElo "1753"]
[BlackElo "1691"]
[PlyCount "61"]
[EventDate "2018.05.01"]

1. e4 c6 2. d4 d5 3. exd5 cxd5 4. Bd3 Nc6 5. Ne2 Bg4 6. f3 Bh5 7. c3 e6 8. O-O
Nf6 9. Qb3 Qd7 10. Bg5 Be7 11. Nd2 h6 12. Bxf6 Bxf6 13. Nf4 g6 14. Rae1 O-O-O
15. Nxh5 gxh5 16. Bb5 a6 17. Bxc6 Qxc6 18. f4 Rhg8 19. Qd1 h4 20. Qh5 Qb6 21.
Nb3 Rg6 22. f5 exf5 23. Qxf5+ Kb8 24. Rf2 Qd6 25. Nc5 Ka7 26. Re6 fxe6 27. Qxg6
Be5 28. Qh7 Bxh2+ 29. Kh1 Rb8 30. Rf7 Ka8 31. Rxb7 1-0

[Event "Team G15 chess final 2018"]
[Site "Sochi"]
[Date "2018.05.02"]
[Round "2.1"]
[White "Zelenskaya, Anastasiya"]
[Black "Mikhailova, Yuliya"]
[Result "1-0"]
[WhiteElo "1581"]
[BlackElo "1959"]
[PlyCount "123"]
[EventDate "2018.05.01"]

1. e4 c6 2. d4 d5 3. Nc3 dxe4 4. Nxe4 Nd7 5. Ng5 Ngf6 6. Bd3 e6 7. Qe2 Bd6 8.
N1f3 O-O 9. Nxe6 Bb4+ 10. c3 fxe6 11. cxb4 Nb6 12. O-O Nbd5 13. a3 Qd6 14. Ne5
Bd7 15. Bg5 Be8 16. Rae1 Nc7 17. Bxf6 Rxf6 18. Qe4 g6 19. Bc2 Rd8 20. Rd1 Nb5
21. Rd3 Qf8 22. g3 Nd6 23. Qe2 Bd7 24. Bb3 Kh8 25. h4 Nf5 26. h5 gxh5 27. Qxh5
Be8 28. Qd1 Rh6 29. Kg2 Qe7 30. Qg4 Qf6 31. Rh1 Rxh1 32. Kxh1 Qh6+ 33. Kg2 Bh5
34. Qh3 Qg5 35. f4 Qh6 36. Bxe6 Qxe6 37. Qxh5 Rxd4 38. Rxd4 Nxd4 39. Qf7 Qxf7
40. Nxf7+ Kg7 41. Nd6 b5 42. Kf2 Kf6 43. Ke3 Ne6 44. g4 h6 45. Ne4+ Ke7 46. Nc5
Nc7 47. Ke4 Kf6 48. g5+ hxg5 49. fxg5+ Kxg5 50. Ke5 Nd5 51. Kd6 Kf6 52. Kxc6
Ke5 53. Kxb5 Ne7 54. Ka6 Nc6 55. Kb7 Kd6 56. Ne4+ Kd7 57. b5 Nd4 58. a4 Kd8 59.
Kxa7 Kc8 60. Nd6+ Kc7 61. Nc4 Kc8 62. Ne5 1-0

[Event "Team G15 chess final 2018"]
[Site "Sochi"]
[Date "2018.05.02"]
[Round "2.2"]
[White "Izbekova, Evdokia"]
[Black "Tokmakova, Ulyana"]
[Result "1-0"]
[WhiteElo "1690"]
[BlackElo "1627"]
[PlyCount "155"]
[EventDate "2018.05.01"]

1. e4 c5 2. Nf3 d6 3. Bb5+ Nd7 4. d4 Ngf6 5. e5 Qa5+ 6. Nc3 Ne4 7. Bd2 Nxc3 8.
Bxd7+ Bxd7 9. Bxc3 Qa6 10. exd6 exd6 11. Qe2+ Qxe2+ 12. Kxe2 O-O-O 13. Rad1 f6
14. Rhe1 b6 15. Kf1 d5 16. dxc5 Bxc5 17. b4 Bb5+ 18. Kg1 Bd6 19. Nd4 Bc4 20.
Nf5 Rd7 21. Nxd6+ Rxd6 22. Re7 Rd7 23. Rde1 Kd8 24. Rxg7 Rf8 25. Rxd7+ Kxd7 26.
a3 Rf7 27. Re3 f5 28. f4 Re7 29. Re5 Rxe5 30. fxe5 Ke6 31. Bd4 Bb5 32. Kf2 h6
33. Ke3 h5 34. Kf4 Ba4 35. Kg5 Be8 36. c3 Bf7 37. Kh6 Be8 38. Kg7 Bb5 39. Kg6
Be8+ 40. Kg5 Bf7 41. a4 Be8 42. g3 Bxa4 43. Kxh5 a5 44. bxa5 bxa5 45. Kg5 Bd7
46. Kf4 Be8 47. Bc5 Bd7 48. Bd6 Kf7 49. Kg5 a4 50. h4 Kg7 51. h5 Be8 52. Kxf5
Bxh5 53. Ke6 Bf3 54. Bc5 Bg2 55. Kd7 Bf3 56. e6 Bg4 57. Kd6 Kf6 58. e7 Kf7 59.
Kxd5 Ke8 60. Ke5 Kf7 61. Kf4 Bd7 62. Kg5 Kg7 63. Kf4 Kg6 64. g4 Kf6 65. g5+ Kg6
66. Bd4 Bc6 67. Bf6 Bd7 68. c4 Be8 69. c5 Bb5 70. Ke5 a3 71. Kd6 Kf7 72. c6 Ke8
73. g6 Bxc6 74. Kxc6 a2 75. g7 Kf7 76. e8=Q+ Kxf6 77. g8=Q a1=Q 78. Qgg6# 1-0

[Event "Team G15 chess final 2018"]
[Site "Sochi"]
[Date "2018.05.02"]
[Round "2.3"]
[White "Asatryan, Maria"]
[Black "Moiseeva, Olesya"]
[Result "0-1"]
[WhiteElo "1395"]
[BlackElo "1753"]
[PlyCount "106"]
[EventDate "2018.05.01"]

1. d4 Nf6 2. Nf3 e6 3. c4 b6 4. g3 Bb7 5. Bg2 Be7 6. O-O O-O 7. Nbd2 d5 8. b3
Nbd7 9. Bb2 Ne4 10. Ne5 f6 11. Nd3 Re8 12. Nf3 Bd6 13. Rc1 Qe7 14. e3 Rac8 15.
Nfe1 f5 16. Bh3 Ng5 17. Bg2 Ne4 18. Bh3 a5 19. cxd5 Bxd5 20. Bg2 Red8 21. Nf3
a4 22. Re1 c5 23. bxa4 Bxa2 24. dxc5 Ndxc5 25. Nxc5 Bxc5 26. Qe2 Bd5 27. Nd4
Qe8 28. Qb5 Ra8 29. Qxe8+ Rxe8 30. Ra1 Nf6 31. Bxd5 Nxd5 32. Nb3 Rec8 33. Rec1
Nb4 34. Bd4 Nd3 35. Rc3 Bxd4 36. Rxc8+ Rxc8 37. Nxd4 Kf7 38. Rb1 Rc1+ 39. Rxc1
Nxc1 40. Kf1 g6 41. f4 Kf6 42. Kg2 e5 43. fxe5+ Kxe5 44. Nb5 Ke4 45. Kf2 Nd3+
46. Ke2 Nc5 47. Nc3+ Ke5 48. Kd1 g5 49. Ke2 h6 50. h3 h5 51. Kf3 Ne6 52. Nb5
Nc5 53. Nc3 Nb3 0-1

[Event "Team G15 chess final 2018"]
[Site "Sochi"]
[Date "2018.05.02"]
[Round "2.4"]
[White "Andreeva, Anastasiia"]
[Black "Kamaeva, Dzhamilya"]
[Result "1/2-1/2"]
[WhiteElo "1578"]
[BlackElo "1541"]
[PlyCount "82"]
[EventDate "2018.05.01"]

1. c4 e5 2. Nc3 Nf6 3. g3 d5 4. cxd5 Nxd5 5. Bg2 Be6 6. Nf3 Nxc3 7. bxc3 Bd6 8.
O-O c6 9. d4 Nd7 10. e4 O-O 11. a4 Bc4 12. Re1 Qc7 13. Ba3 c5 14. Nh4 cxd4 15.
Bxd6 Qxd6 16. Nf5 Qf6 17. cxd4 exd4 18. Qxd4 Qxd4 19. Nxd4 Ne5 20. f4 Nd3 21.
Reb1 Rfd8 22. Nf5 Nc5 23. Rb4 Ba6 24. e5 Kf8 25. Nd6 Rd7 26. Rab1 Rb8 27. a5 f6
28. Bf1 Bxf1 29. Kxf1 fxe5 30. fxe5 Nd3 31. Rxb7 Rbxb7 32. Rxb7 Rxb7 33. Nxb7
Nxe5 34. Nd6 Nc6 35. Nb5 a6 36. Nc7 Nxa5 37. Nxa6 Kf7 38. Kf2 Kf6 39. Kf3 Nc4
40. Nc5 Ne5+ 41. Kg2 Nc4 1/2-1/2

[Event "Team G15 chess final 2018"]
[Site "Sochi"]
[Date "2018.05.02"]
[Round "2.1"]
[White "Kirchei, Viktoriia"]
[Black "Nur-Mukhametova, Alisa"]
[Result "1-0"]
[WhiteElo "2049"]
[BlackElo "1791"]
[PlyCount "69"]
[EventDate "2018.05.01"]
[WhiteTeam "СШ "]

1. Nc3 d5 2. e4 d4 3. Nce2 e5 4. d3 Nf6 5. g3 c5 6. Bg2 Bd6 7. h3 Nc6 8. f4
Qa5+ 9. Bd2 Qb6 10. b3 h5 11. Nf3 Qc7 12. Qc1 b6 13. fxe5 Nxe5 14. Nxe5 Bxe5
15. Bf4 Bb7 16. O-O O-O-O 17. a3 Nd7 18. b4 Rde8 19. bxc5 bxc5 20. c3 dxc3 21.
Bxe5 Nxe5 22. Qxc3 Kb8 23. Rac1 Qd6 24. Rb1 f6 25. Rfd1 Rc8 26. Qb3 Qe7 27. Nc3
Ka8 28. Nd5 Qf7 29. d4 cxd4 30. Rxd4 Bc6 31. Rb4 Rhd8 32. Bf1 Re8 33. Ba6 Rcd8
34. Bb7+ Bxb7 35. Rxb7 1-0

[Event "Team G15 chess final 2018"]
[Site "Sochi"]
[Date "2018.05.02"]
[Round "2.2"]
[White "Zvereva, Margarita"]
[Black "Girshgorn, Maria"]
[Result "0-1"]
[WhiteElo "1772"]
[BlackElo "1911"]
[PlyCount "74"]
[EventDate "2018.05.01"]
[BlackTeam "СШ "]

1. c4 c5 2. Nc3 Nc6 3. g3 g6 4. Bg2 Bg7 5. e4 d6 6. Nge2 e6 7. O-O Nge7 8. d3
O-O 9. Be3 Nd4 10. Rb1 Nec6 11. a3 Rb8 12. b4 b6 13. f4 Bb7 14. Bf2 Qc7 15. b5
Nxe2+ 16. Nxe2 Ne7 17. Qc2 d5 18. Be1 Rbd8 19. cxd5 exd5 20. f5 dxe4 21. dxe4
gxf5 22. exf5 Bxg2 23. Kxg2 Nd5 24. Bd2 Rfe8 25. Rfe1 Ne3+ 26. Bxe3 Rxe3 27.
Rbd1 Rde8 28. Qd2 Qb7+ 29. Kg1 Qe4 30. Qd5 Qxd5 31. Rxd5 Rxe2 32. Rxe2 Rxe2 33.
Rd8+ Bf8 34. Ra8 c4 35. Rxa7 c3 36. Rc7 c2 37. Kf1 Rd2 0-1

[Event "Team G15 chess final 2018"]
[Site "Sochi"]
[Date "2018.05.02"]
[Round "2.3"]
[White "Vyrtosu, Natalia"]
[Black "Efendieva, Alina"]
[Result "1/2-1/2"]
[WhiteElo "1924"]
[BlackElo "1692"]
[PlyCount "74"]
[EventDate "2018.05.01"]
[WhiteTeam "СШ "]

1. d4 d5 2. Bf4 Nf6 3. e3 e6 4. Nd2 Bd6 5. Bxd6 Qxd6 6. f4 c5 7. c3 Nc6 8. Bd3
b6 9. Ngf3 Bb7 10. Ne5 Qc7 11. O-O O-O 12. Rf3 Nxe5 13. fxe5 Ne4 14. Bxe4 dxe4
15. Rf4 f5 16. exf6 e5 17. dxe5 Qxe5 18. Qg4 Rxf6 19. Rxf6 Qxf6 20. Rf1 Qe5 21.
Qd7 Qd5 22. Qe7 h6 23. Rf2 Ba6 24. h3 Bd3 25. b3 Qh5 26. Qb7 Rf8 27. Rxf8+ Kxf8
28. Nxe4 Qe8 29. Nf2 Qxe3 30. Qc8+ Ke7 31. Qc7+ Ke6 32. Qc6+ Ke7 33. Qb7+ Ke6
34. Qc8+ Ke7 35. Qc7+ Ke6 36. Qc6+ Ke7 37. Qc7+ Ke6 1/2-1/2

[Event "Team G15 chess final 2018"]
[Site "Sochi"]
[Date "2018.05.02"]
[Round "2.4"]
[White "Kokueva, Alisa"]
[Black "Kasaeva, Sofiia"]
[Result "0-1"]
[WhiteElo "1632"]
[BlackElo "1692"]
[PlyCount "96"]
[EventDate "2018.05.01"]
[BlackTeam "СШ "]

1. e4 c5 2. Nf3 d6 3. d4 cxd4 4. Nxd4 Nf6 5. f3 e6 6. c4 Be7 7. Be3 a6 8. Nc3
Qc7 9. Be2 Nbd7 10. O-O O-O 11. Qe1 Ne5 12. b3 b6 13. Rc1 Bb7 14. Qf2 Ned7 15.
Rc2 Rac8 16. Ra1 Rfe8 17. b4 Qb8 18. Nb3 d5 19. exd5 exd5 20. c5 bxc5 21. bxc5
Qc7 22. Na4 Bd6 23. g3 Be5 24. Rac1 Nb8 25. Nb6 Rcd8 26. Nd4 Nc6 27. a3 Bxd4
28. Bxd4 Nxd4 29. Qxd4 Re6 30. c6 Bxc6 31. Bxa6 Rb8 32. Na4 Nd7 33. Nc5 Nxc5
34. Qxc5 Qd7 35. Bd3 g6 36. Qd4 Rbe8 37. Kf2 Rd6 38. Re2 Rxe2+ 39. Bxe2 h5 40.
Bd1 Qh3 41. Kg1 Re6 42. Qf2 Bb5 43. a4 Bc4 44. f4 h4 45. g4 Re3 46. Ra1 Bd3 47.
Rc1 Be4 48. a5 Re1+ 0-1

[Event "Team G15 chess final 2018"]
[Site "Sochi"]
[Date "2018.05.02"]
[Round "2.1"]
[White "Balalaeva, Agata"]
[Black "Surovtseva, Alisa"]
[Result "0-1"]
[WhiteElo "1018"]
[BlackElo "1688"]
[PlyCount "36"]
[EventDate "2018.05.01"]

1. e4 e5 2. Nf3 Nc6 3. Bc4 Nf6 4. Ng5 d5 5. exd5 b5 6. Bxb5 Qxd5 7. Bxc6+ Qxc6
8. O-O Bb7 9. Nf3 O-O-O 10. Nc3 Bd6 11. Kh1 Rhe8 12. Re1 Bc5 13. Qe2 e4 14. Ng5
e3 15. Qf1 exf2 16. Rd1 Re1 17. Rxe1 Qxg2+ 18. Qxg2 fxe1=Q# 0-1